Science Quiz

Random Science or Physics Quiz

Easy Science 7-to-1 Quiz Stats

 Plays Quiz Updated Mar 18, 2020

     
Support Sporcle.
Go Orange.
Score 0/28 Timer 04:00
22 Plays Today
% Correct
heart
96.8%
lungs
96.7%
brain
96.6%
liver
96.6%
kidneys
96.4%
gas
96.4%
liquid
96.4%
solid
96.1%
animalia
95.3%
meter
95.3%
kilogram
95.1%
hydrogen
95.1%
helium
95%
hypotenuse
94.7%
% Correct
eubacteria
94.7%
kelvin
94.6%
adjacent
94.5%
archaebacteria
94.3%
plantae
94.3%
sound
94.2%
ampere
94.1%
opposite
93.3%
second
91.9%
plasma
90.6%
fungi
90.1%
protista
88.4%
mole
88%
candela
85.8%

From the Vault

Topography Match-Up

by pi314159

Mountains, Islands, Rivers and Lakes! Oh my!
Remove Ads.
Support Sporcle.
Get the best of Sporcle when you Go Orange. This ad-free experience offers more features, more stats, and more fun while also helping to support Sporcle. Thank you for becoming a member.

Show Comments

Extras

Top Quizzes Today


Score Distribution

Your Account Isn't Verified!

In order to create a playlist on Sporcle, you need to verify the email address you used during registration. Go to your Sporcle Settings to finish the process.

Report this User

Report this user for behavior that violates our Community Guidelines.

Details: